000
00233nam a22000857a 4500
008
160705b xxu||||| |||| 00| 0 eng d
100
_9
2079
_a
Sharma, Y.K
245
_a
Population Education
260
_a
New Delhi
_b
Kanishka Publication
_c
2005
999
_c
1775
_d
1775